000 00851nam a22002657a 4500
942 _cBK
999 _c783
_d783
005 20250420134825.0
008 211118b ||||| |||| 00| 0 eng d
020 _a9781108667425
040 _cKCST
082 _a428.24
_bSo Un
100 _aSowton, Chris
_95143
245 _aUnlock: reading and writing skills : Level 4, Student's book /
_cChris Sowton; Chris Kennedy; Jessica Williams; Christina Cavage; Anita Sunda
250 _a2
260 _aCambridge:
_bCambridge University Pres;
_c2019.
300 _a207 p.
521 _aB2 English Profile.
650 _aEnglish language
_vTextbooks for foreign speakers.
_94734
650 _aEnglish language.
_92090
700 _aChris Kennedy
_95609
700 _aWilliams, Jessica
_95423
700 _aCavage, Christina
_95610
700 _aSunda, Anita
_95611
942 _2ddc